书目信息 |
| 题名: |
化肥农药减量增效技术
|
|
| 作者: | 刘国华 , 王少平 , 刘凯 主编 | |
| 分册: | ||
| 出版信息: | 北京 中国农业科学技术出版社 2019.06 |
|
| 页数: | 160页 | |
| 开本: | 21cm | |
| 丛书名: | ||
| 单 册: | ||
| 中图分类: | S147.2 , S48 | |
| 科图分类: | ||
| 主题词: | 施肥--shi fei , 农药施用--nong yao shi yong | |
| 电子资源: | ||
| ISBN: | 978-7-5116-4238-7 | |
| 000 | 01157nam0 2200301 450 | |
| 001 | 0106081736 | |
| 005 | 20201106082042.0 | |
| 010 | @a978-7-5116-4238-7@dCNY33.00 | |
| 100 | @a20200713d2019 em y0chiy50 ea | |
| 101 | 0 | @achi |
| 102 | @aCN@b110000 | |
| 105 | @ay az 000yy | |
| 106 | @ar | |
| 200 | 1 | @a化肥农药减量增效技术@Ahua fei nong yao jian liang zeng xiao ji shu@f刘国华, 王少平, 刘凯主编 |
| 210 | @a北京@c中国农业科学技术出版社@d2019.06 | |
| 215 | @a160页@d21cm | |
| 300 | @a农民教育培训系列教材 | |
| 320 | @a有书目(第160页) | |
| 330 | @a本书主要讲述了化肥、农药应用概况、化肥减施量效基础知识、粮食作物化肥减量增效技术、蔬菜化肥减量增效技术、果树化肥减量增效技术、茶树化肥减量增效技术、农药减量增效基础知识、粮食作物病虫草害综合防控技术、蔬菜病虫害综合防控技术、果树病虫害综合防控技术、茶树病虫草害综合防控技术等方面的内容。 | |
| 606 | 0 | @a施肥@Ashi fei |
| 606 | 0 | @a农药施用@Anong yao shi yong |
| 690 | @aS147.2@v5 | |
| 690 | @aS48@v5 | |
| 701 | 0 | @a刘国华@Aliu guo hua@4主编 |
| 701 | 0 | @a王少平@Awang shao ping@4主编 |
| 701 | 0 | @a刘凯@Aliu kai@4主编 |
| 801 | 0 | @aCN@bBJSZM@c20201106 |
| 905 | @b1190312-5@dS147.2@e120@f4 | |
| 化肥农药减量增效技术/刘国华, 王少平, 刘凯主编.-北京:中国农业科学技术出版社,2019.06 |
| 160页;21cm |
| 农民教育培训系列教材 |
| ISBN 978-7-5116-4238-7:CNY33.00 |
| 本书主要讲述了化肥、农药应用概况、化肥减施量效基础知识、粮食作物化肥减量增效技术、蔬菜化肥减量增效技术、果树化肥减量增效技术、茶树化肥减量增效技术、农药减量增效基础知识、粮食作物病虫草害综合防控技术、蔬菜病虫害综合防控技术、果树病虫害综合防控技术、茶树病虫草害综合防控技术等方面的内容。 |
| ● |
| 相关链接 |
|
|
|
|
正题名:化肥农药减量增效技术
索取号:S147.2/120
 
预约/预借
| 序号 | 登录号 | 条形码 | 馆藏地/架位号 | 状态 | 备注 |
| 1 | 1190312 | 211903127 | 第二样本阅览室/ [索取号:S147.2/120] | 在馆 | |
| 2 | 1190313 | 211903136 | 第三借阅区/ [索取号:S147.2/120] | 在馆 | |
| 3 | 1190314 | 211903145 | 第三借阅区/ [索取号:S147.2/120] | 在馆 | |
| 4 | 1190315 | 211903154 | 第三借阅区/ [索取号:S147.2/120] | 在馆 |